LEADER 01915cam a22002777i 4500 001 991003242879707536 005 20250430130202.0 008 950421s1796 fr b 000 0 fre 035 $ab14302780-39ule_inst 035 $aCICOGNARA-A2013-0440$9ExL 040 $aBibl. Interfacoltà T. Pellegrino$bita 100 1 $aQuatremère de Quincy, Antoine-Chrysostome$0439286 245 10$aLettres sur le préjudice qu'occasionneroient aux arts et à la science, le déplacement des monumens de l'art de l'Italie, le démembrement de ses écoles, et la spoliation de ses collections, galeries, musées :$b&c. par A. Q. ... 246 3 $i[Titolo alternativo]$aLettres sur le projet d'enlever les monumens de l'Italie. 260 $aA Paris :$bchez Desenne, libraire, Palais Egalite :$bQuatremere,libraire, rue S. Benoit, pres la rue Jacob, et les marchands de nouveautes,$can IV-1796$e(A Paris :$fde l'imprimerie de Crapelet, rue de la Harpe, n. 155). 300 $a[4], 74, [2] p.; $c8° (22 cm). 500 $aOpera attribuita a Antoine Chrysostome Quatremere de Quincy da BNF 500 $aRiproduzione in microfiche dell'originale conservato presso la Biblioteca Apostolica Vaticana 787 18$iLeopoldo Cicognara Program :$tBiblioteca Cicognara$h[microform] : literary sources in the history of art and kindred subjects 787 18$tCatalogo ragionato dei libri d'arte e d'antichità / Leopoldo Cicognara 907 $a.b14302780$b01-04-22$c28-07-16 912 $a991003242879707536 945 $aLE002 SB Raccolta Cicognara, mcrf 1196$g0$lle002$pE0.00$rn$so $t11$u0$v0$w0$x0$y.i15774338$z28-07-16 996 $aLettres sur le préjudice qu'occasionneroient aux arts et à la science, le déplacement des monumens de l'art de l'Italie, le démembrement de ses écoles, et la spoliation de ses collections, galeries, musées$91747847 997 $aUNISALENTO 998 $ale002$b28-07-16$cm$dg $e-$ffre$gfr $h0$i1 LEADER 01231nam0 22003011i 450 001 UON00029885 005 20231205102056.122 100 $a20020107d1965 |0itac50 ba 101 $atur 102 $aTR 105 $a|||| 1|||| 200 1 $a835 satir$aSesini kaybeden sehir ; Varan 3$fNazim Hikmet 210 $aIstanbul$cCinar Matbaasi$d1965 175 p. ; 20 cm 410 1$1001UON00029886$12001 $aIzlem Yayinlari 517 1$3UON00354857$aˆHIKMET, Nazim ‰Sesini kaybeden sehir 517 1$3UON00354858$aˆHIKMET, Nazim ‰Varan 3 606 $aLetteratura turca$xPoesia$3UONC001297$2FI 620 $aTR$dIstanbul$3UONL000077 686 $aTUR VI BA$cTurchia - Letteratura - Testi$2A 700 1$aHIKMET$bNa?z?m$3UONV008740$0639466 712 $aCinar Matbaasi$3UONV250955$4650 801 $aIT$bSOL$c20260206$gRICA 899 $aSIBA - SISTEMA BIBLIOTECARIO DI ATENEO E ARCHIVIO STORICO$2UONSI 912 $aUON00029885 950 $aSIBA - SISTEMA BIBLIOTECARIO DI ATENEO E ARCHIVIO STORICO$dSI TUR VI BA 137 $eSI TUR420 5 137 996 $aSesini kaybeden sehir ; Varan 3$91190485 996 $a835 satir$91190484 997 $aUNIOR